| 000 | 00641nam a22002297a 4500 | ||
|---|---|---|---|
| 003 | 0 | ||
| 005 | 20180725125011.0 | ||
| 008 | 0 | ||
| 010 | _aB-158649 | ||
| 020 | _c00.00 | ||
| 035 | _aB-158649, B-158650 | ||
| 037 | _bCen Lib/Ret | ||
| 040 |
_aDPL _bEN _c0 |
||
| 082 |
_a370.3 _bSHU |
||
| 100 |
_aShukla, Ramesh _917655 |
||
| 245 |
_aDictionary of education / _cby Ramesh Shukla |
||
| 260 |
_bAPH Publishing Corporation _aNew Delhi _c2005 |
||
| 270 |
_bNew Delhi _a5, ansari road, dariya ganj _e110002 |
||
| 300 |
_a244p. _c21cm(Hb) |
||
| 650 |
_aEducation _vDictionaries _97666 |
||
| 942 |
_2ddc _cEN _h370.3 _mSHU |
||
| 999 |
_c126486 _d126486 |
||